000 01393nam0a22003131 4500
001 rc\3547499
005 20250716155930.0
021 _aRU
_b[69-54876]
035 _a(NLR Aleph) 007673592
090 _a6461235
_c6461235
100 _a20130115d1969 |||y0rusy50 ca
101 0 _arus
102 _aRU
105 _ay z |||||
200 1 _aВоспроизводство трудовых ресурсов Дальнего Востока
_fАН СССР. Сиб. отд-ние. Хабар. комплексный науч.-исслед. ин-т
210 _aМосква
_cНаука
_d1969
215 _a126 с.
_d20
300 _aНа 7-й с. авт.: канд. экон. наук Л.Л. Рыбаковский, канд. геогр. наук Д.С. Вишневский, канд. геогр. наук К.М. Игнатьев и др.
606 _aТрудовые ресурсы
_yДальний Восток СССР
_2psbo
701 1 _aВишневский
_bД. С.
701 1 _aИгнатьев
_bК. М.
701 1 _aРыбаковский
_bЛ. Л.
_f1931-2024
_gЛеонид Леонидович
_3RU\NLR\AUTH\7720659
712 0 2 _aХабаровский комплексный науч.-исслед. ин-т
_3RU\NLR\AUTH\8810100908
801 0 _aRU
_bNLR
_gpsbo
801 1 _aRU
_bELAR
_2rusmarc
852 _aNLR
_j69-3/5036
942 _cBOOK
980 _aNB